00238nam a2200097Ia 4500008004100000100002600041245004000067260000900107942000700116999001700123190216s9999||||xx |||||||||||||| ||und|| aSivasankara Pillay Pk 0aKunjan Nambiyarude Thullal Kathakal bNull cBK c24695d24695